| Tag |
First Indicator |
Second Indicator |
Subfields |
| LEADER |
00000cam a2200000 4500 |
| 001 |
in00000021873 |
| 005 |
20151007063755.0 |
| 008 |
800703s1940 mx 00001 spa |
| 010 |
|
|
|a 41005607
|
| 035 |
|
|
|a (OCoLC)06484191
|
| 035 |
|
|
|9 AAD8213AM
|
| 040 |
|
|
|a DLC
|c TXA
|d UtOrBLW
|
| 049 |
|
|
|a TXAM
|c [414860]
|
| 050 |
|
0 |
|a PQ7297.G53
|b P6
|
| 092 |
|
|
|a 863
|b G633p
|
| 100 |
1 |
|
|a Gomez Palacio, Martin,
|d 1893-
|
| 245 |
1 |
3 |
|a El potro.
|
| 264 |
|
1 |
|a [Mexico] :
|b Ediciones Botas,
|c 1940.
|
| 300 |
|
|
|a 178 pages ;
|c 20 cm.
|
| 336 |
|
|
|a text
|b txt
|2 rdacontent
|
| 337 |
|
|
|a unmediated
|b n
|2 rdamedia
|
| 338 |
|
|
|a volume
|b nc
|2 rdacarrier
|
| 999 |
|
|
|a MARS
|
| 999 |
f |
f |
|s e3902a18-795d-3cd3-b1bf-c9a5b51977e7
|i 9afa7146-a934-3076-85f7-02bdd50d3f31
|t 0
|
| 952 |
f |
f |
|p ric
|a Texas A&M University
|b Rellis Campus
|c Joint Library Facility
|d Remote Storage
|t 0
|e PQ7297.G53 P6
|h Library of Congress classification
|i unmediated -- volume
|m A14801384234
|
| 998 |
f |
f |
|a PQ7297.G53 P6
|t 0
|l Remote Storage
|